| 000 | 00734nam a2200229 a 4500 | ||
|---|---|---|---|
| 999 |
_c1686 _d1686 |
||
| 001 | 1686 | ||
| 003 | BD-JhCC | ||
| 005 | 20171023141655.0 | ||
| 008 | 171023s2011 bg a|||| ||a| 00| 0 ben d | ||
| 020 | _a9789848765364 | ||
| 035 | _a(BD-JhCC)1686 | ||
| 040 |
_aBD-JhCC _dBD-JhCC |
||
| 041 | _aben | ||
| 082 |
_a330.9549 _bIQB 2011 |
||
| 100 | _aইকবাল, মুহম্মদ জাফর | ||
| 245 |
_aঢাকা নামের শহর ও অন্যান্য / _cমুহম্মদ জাফর ইকবাল |
||
| 260 |
_aঢাকা : _bপ্রথমা প্রকাশন, _c2011. |
||
| 300 |
_a112 p. : _c21 cm. |
||
| 650 | _aBangladesh Economic Condition, | ||
| 942 |
_2ddc _cBK |
||